000 00560nam a2200181Ia 4500
001 5122
005 20260306145845.0
008 260306t2004||||xx |||||||||||||| ||spa||
041 _aESP
082 _a333.7
_bV47
100 _aVera Esquivel, Germán
_eAUT
245 0 _aLa cumbre mundial sobre desarrollo sostenible de Johannesburgo:
_buna visión jurídico-política de tres décadas en la historia del derecho internacional ambiental
260 _c2004
300 _a176 páginas :
_c21cm.
650 _aGEN
654 _aCAN
942 _cLIB
_dJUS
_fJUS
_2ddc
_n
999 _c5122
_d5122